00726nam a2200217 a 450000500170000000800410001702000180005804000200007604100080009608200120010410000220011624501160013826000450025430000270029950400520032665300150037865300150039370000350040870000340044370000310047720240524071152.0211123s2014 ii 000 0 eng d a9789389974706 aDLCbengeAACR20 aeng04a025.068 a K Veeranjaneyulu00aEmerging technologies in infomation managementc/ K. Veeranjaneyulu, T. Sreennivasa Rao, P. Adi Seshaiah editor a Sultan Bazarb: BS publicationsc, 2014 axviii, 294 p.c; 24 cm aIncludes bibliographical references and index.  0aInfomation 0aManagement1 a K. , Veeranjaneyulue: editor1 aT. Sreennivasa, Raoe: editor1 aP. Adi, Seshaiahe: editor